000
00286nam a22001337a 4500
082
_a
894.812
_b
SWA/M
100
_a
SWAMINATHAN, T.B
245
_a
MANANAMANJARI
260
_a
THRISSUR
_b
SWAMINATHAN, T.B
_c
2007
300
_a
57
520
_a
RELIGIOUS
650
_a
RELIGIOUS
942
_c
BK
999
_c
5499
_d
5499